000 00305nam a2200133Ia 4500
005 20251222144749.0
008 251222s9999||||xx |||||||||||||| ||spa||
020 _a84-285-1084-9
082 _a922.23/R81D
100 _aDelgado, Jesús
245 0 _aOscar A. Romero:
264 _bPaulinas
942 _cLIB
999 _c19275
_d19275